Halbleiterphysik

Uložené v:
Podrobná bibliografia
Hlavný autor: Paul, Reinhold (Autor)
Médium: Kniha
Jazyk:German
Vydavateľské údaje: Berlin : VEB Verlag Technik, 1974
Tagy: Pridať tag
Žiadne tagy, Buďte prvý, kto otaguje tento záznam!

MARC

LEADER 00000nam a22000003a 4500
001 stu202440
005 20150617230108.4
008 100419s1974----ge------------------ger-d
040 |a STU  |b slo 
041 0 |a ger 
044 |a ge 
080 |a 537.311.322 
080 |a 621.382 
100 1 |a Paul, Reinhold  |4 aut 
245 1 |a Halbleiterphysik 
260 |a Berlin :  |b VEB Verlag Technik,  |c 1974 
300 |a 560 s 
996 |b E34202  |c E*34202  |l EE11  |s P  |a 0  |w stu202440_0001